00451nam a22001577a 450000500170000001000150001702000260003203500140005803700130007208200110008510000170009624500410011326000460015427000720020030000210027220230320113031.0 aENG-136470 a9789354659621c700.00 aEN-120002 bDBAD/PUB a615.05 aSharma, S.K. aHolistic art of living/cS.K. Sharma aNew DelhibBhartiya Vidya Prakashanc2018 a5824, New Chandrawal, Near Mandir, Jawahar NagarbNew Delhie110007 a280p.c22cm(hbk)